Normal view
MARC view
- Universidad Nacional Autónoma de México.
Entry Nombre Corporativo
001 - NÚMERO DE CONTROL
- campo de control: 53742
003 - IDENTIFICADOR DE NUMERO DE CONTROL
- campo de control: MXMxUNAM
005 - FECHA Y HORA DE LA ÜLTIMA TRANSACCIÓN
- campo de control: 20240926094253.0
008 - DATOS DE LONGITUD FIJA
- campo de control de longitud fija: 240926|| acz||aabn | a|a d
035 ## - NÚMERO DE CONTROL
- Número de control: MX011000022388
040 ## - FUENTE DE CATALOGACIÓN
- Agencia original de catalogación: MXMxUNAM
- Lenguaje de catalogación: spa
- Agencia transcribe: MXMxUNAM
- Agencia modificadora: MX-MxUPN
110 2# - ENCABEZAMIENTO - NOMBRE CORPORATIVO
- Nombre corporativo o de jurisdicción como elemento de entrada : Universidad Nacional Autónoma de México.
- Unidad subordinada: Dirección General de Administración Escolar
368 ## - OTROS ATRIBUTOS DE LA PERSONA O ENTIDAD CORPORATIVA
- Type of corporate body: Universidades--Departamentos
670 ## - FUENTE EN LA QUE SE LOCALIZARON DATOS
- Cita de la fuente : Autoridades LIBRUNAM, 26 septiembre 2024 :
- Información localizada: (Universidad Nacional Autónoma de México. Dirección General de Administración Escolar)
902 ## - CATALOGADOR
- Catalogador: MaríaRobles/260924
